Human Resource Management: A Critical Approach 7/e

Saved in:
Bibliografiske detaljer
Hovedforfatter: Bratton
Format: Bog
Udgivet: Bloomsbury
Tags: Tilføj Tag
Ingen Tags, Vær først til at tagge denne postø!

MARC

LEADER 00000nam a2200000Ia 4500
005 20260513122053.0
020 |a 9789356401297 
100 |a Bratton 
365 |c Rs. 
365 |b 25.00 
942 |c BK 
245 |a Human Resource Management: A Critical Approach 7/e 
260 |b Bloomsbury 
999 |c 96  |d 96 
952 |0 0  |1 0  |4 0  |7 0  |a UNSW  |b UNSW  |d 2026-05-06  |g 999.00  |i 16688  |l 0  |p 000116  |r 2026-05-13 12:20:53  |v 999.00  |w 2026-05-13  |y BK 
952 |0 0  |1 0  |4 0  |7 0  |a UNSW  |b UNSW  |d 2026-05-06  |g 999.00  |i 16684  |l 0  |p 000129  |r 2026-05-13 12:20:53  |v 999.00  |w 2026-05-13  |y BK